[Event "WEM MT 2016"]
[Site "?"]
[Date "2016.08.31"]
[Round "5.10"]
[White "Grill, Bernd"]
[Black "Zuferi, Enis"]
[Result "1/2-1/2"]
[WhiteElo "2231"]
[BlackElo "2192"]
[PlyCount "81"]
[EventDate "2016.??.??"]
[WhiteTeam "SV Ebersbach"]
[BlackTeam "Heilbronner SV"]

1. Nf3 Nf6 2. c4 g6 3. Nc3 Bg7 4. e4 d6 5. d4 O-O 6. Be2 e5 7. d5 a5 8. Bg5 Na6
9. Nd2 Qe8 10. a3 Bd7 11. b3 h5 12. f3 Nh7 13. Be3 f5 14. Rb1 f4 15. Bf2 g5 16.
b4 axb4 17. axb4 b6 18. h3 Qg6 19. Qb3 Rfb8 20. Kd1 Nf6 21. Kc2 Bh6 22. Ra1 g4
23. hxg4 hxg4 24. Rhb1 Bc8 25. Ra3 g3 26. Bg1 Qh5 27. Rba1 Nd7 28. Kb2 Bb7 29.
Ra4 Bf8 30. Qd1 Qh1 31. Qf1 Kf7 32. Nb3 Be7 33. Bd3 Rh8 34. c5 bxc5 35. Bxa6
Bxa6 36. Rxa6 Rxa6 37. Qxa6 cxb4 38. Ne2 Qxg2 39. Qd3 Nf6 40. Rc1 Rh1 41. Nd2
1/2-1/2

[Event "WEM MT 2016"]
[Site "?"]
[Date "2016.08.31"]
[Round "5.11"]
[White "Gheng, Josef"]
[Black "Jaeschke, Armin"]
[Result "1/2-1/2"]
[WhiteElo "2319"]
[BlackElo "2122"]
[PlyCount "69"]
[EventDate "2016.??.??"]
[WhiteTeam "SC Erdmannhausen"]
[BlackTeam "SC Ostfildern"]

1. c4 e5 2. Nc3 Nf6 3. g3 Bc5 4. Bg2 Nc6 5. a3 a5 6. e3 d6 7. Nge2 Bg4 8. h3
Bh5 9. Qa4 O-O 10. O-O Qd7 11. Kh2 Rfe8 12. d3 Nd8 13. Qxd7 Nxd7 14. g4 Bg6 15.
d4 Bb6 16. c5 dxc5 17. dxe5 Bd3 18. f4 c4 19. Re1 Nc5 20. Nd4 Nde6 21. Ncb5
Rad8 22. Bd2 Nxd4 23. Nxd4 Be4 24. Bc3 Bxg2 25. Kxg2 Nb3 26. Nxb3 cxb3 27. Kf3
c5 28. Rad1 c4 29. a4 Kf8 30. Ke4 Ke7 31. Rd4 Bxd4 32. exd4 b5 33. axb5 a4 34.
Bb4+ Kd7 35. Kd5 1/2-1/2

[Event "WEM MT 2016"]
[Site "?"]
[Date "2016.08.31"]
[Round "5.13"]
[White "Reimche, Vadim"]
[Black "Behrendt, Clemens"]
[Result "1/2-1/2"]
[WhiteElo "2053"]
[BlackElo "2129"]
[PlyCount "136"]
[EventDate "2016.??.??"]
[WhiteTeam "SF Ravensburg"]
[BlackTeam "SC Böblingen"]

1. d4 Nf6 2. f3 d5 3. e4 dxe4 4. Nc3 Nc6 5. d5 Ne5 6. fxe4 c6 7. Qd4 Ng6 8. Nf3
e6 9. dxc6 Qxd4 10. Nxd4 bxc6 11. Nxc6 Bc5 12. Bd3 O-O 13. Na4 Bd6 14. Nd4 Bb7
15. Nc3 Ng4 16. Nf3 Rfc8 17. Ke2 N6e5 18. Nxe5 Bxe5 19. h3 Nf6 20. Ke3 Nd7 21.
Bd2 Nb6 22. Ke2 Nc4 23. Rab1 Rab8 24. Nd1 Ba8 25. Bc3 Bxc3 26. Bxc4 Be5 27. Bd3
g6 28. b3 f5 29. Nf2 Bc7 30. Rhd1 Rd8 31. Kf1 Kf7 32. Bc4 fxe4 33. g4 g5 34.
Ke2 Be5 35. Rxd8 Rxd8 36. Rd1 Rxd1 37. Nxd1 Ke7 38. Ne3 Bb7 39. Kd2 Bf4 40. Bf1
Kd6 41. Ke2 Kc5 42. Bg2 Kb4 43. Nc4 Kc3 44. Kd1 Bd5 45. Bf1 h6 46. a4 e3 47.
Na3 Bf3+ 48. Be2 Bxe2+ 49. Kxe2 Kb2 50. Nb5 a6 51. Nd4 e5 52. Nc6 Kc3 53. b4
Kc4 54. b5 axb5 55. axb5 Kxb5 56. Ne7 Kc4 57. Nf5 Kc3 58. Nxe3 e4 59. Nd5+ Kxc2
60. h4 Bc1 61. h5 Kb3 62. Nf6 Kc4 63. Ng8 Kd5 64. Nxh6 Ke5 65. Kd1 Bb2 66. Kc2
Bd4 67. Nf5 Ba1 68. Kb1 Bc3 1/2-1/2

[Event "WEM MT 2016"]
[Site "?"]
[Date "2016.08.31"]
[Round "5.14"]
[White "Kunert, Günter"]
[Black "Reck, Moritz"]
[Result "1-0"]
[WhiteElo "2032"]
[BlackElo "2151"]
[PlyCount "85"]
[EventDate "2016.??.??"]
[WhiteTeam "SV Dicker Turm Esslingen"]
[BlackTeam "TSV Schönaich"]

1. e4 g6 2. d4 Bg7 3. Be3 c5 4. c3 Nf6 5. f3 cxd4 6. cxd4 Nc6 7. Nc3 O-O 8. Rc1
d5 9. e5 Ne8 10. Be2 Kh8 11. f4 f6 12. Bf3 e6 13. Nge2 Bh6 14. Qd2 Ng7 15. g4
fxe5 16. dxe5 Qh4+ 17. Bf2 Nxe5 18. Bxd5 Qd8 19. Be4 Qxd2+ 20. Kxd2 Nxg4 21.
Bc5 Rxf4 22. Nxf4 Bxf4+ 23. Ke2 Bxc1 24. Rxc1 Bd7 25. b4 Bc6 26. Rd1 Bxe4 27.
Nxe4 Nf5 28. Rd7 b6 29. Bg1 a5 30. b5 Rc8 31. Bxb6 Rc2+ 32. Kd1 Rxh2 33. a4 Ra2
34. Bxa5 Rxa4 35. Bc3+ e5 36. b6 Nfe3+ 37. Kc1 Ra8 38. b7 Rb8 39. Rc7 Rxb7 40.
Rxb7 h5 41. Bxe5+ Kg8 42. Nf6+ Kf8 43. Bd6# 1-0

[Event "WEM MT 2016"]
[Site "?"]
[Date "2016.09.01"]
[Round "6.1"]
[White "Hirneise, Jens"]
[Black "Gabriel, Robert"]
[Result "1-0"]
[WhiteElo "2271"]
[BlackElo "2170"]
[PlyCount "107"]
[EventDate "2016.??.??"]
[WhiteTeam "SF Deizisau"]
[BlackTeam "Stuttgarter SF"]

1. e4 c5 2. Nf3 e6 3. d4 cxd4 4. Nxd4 Nf6 5. Nc3 Nc6 6. Ndb5 Bb4 7. a3 Bxc3+ 8.
Nxc3 d5 9. exd5 Nxd5 10. Nxd5 exd5 11. Bd3 Qe7+ 12. Qe2 Qxe2+ 13. Kxe2 Ne5 14.
Bb5+ Bd7 15. Bxd7+ Kxd7 16. Rd1 Ke6 17. f4 Ng4 18. Kf3 f5 19. h3 Nf6 20. Be3
Ne4 21. Rd4 Rhc8 22. Rad1 Nf6 23. g4 Rc4 24. g5 Rxd4 25. Bxd4 Ne8 26. Re1+ Kd6
27. Bxa7 Nc7 28. Bd4 Ne6 29. Be5+ Kc6 30. Bc3 Re8 31. Rd1 b5 32. h4 g6 33. Be5
Nc5 34. b3 Ra8 35. Ra1 Re8 36. Ke3 Ra8 37. h5 Re8 38. hxg6 hxg6 39. Rh1 Ne6 40.
Rh6 Rg8 41. Kd3 d4 42. c4 dxc3 43. Kxc3 Kd5 44. Kb4 Ke4 45. Rh1 Re8 46. Re1+
Kd5 47. Bf6 Kc6 48. Re5 Nc7 49. Rxe8 Nxe8 50. Be5 Kb6 51. a4 bxa4 52. bxa4 Ka6
53. Kc5 Kb7 54. Kd5 1-0

[Event "WEM MT 2016"]
[Site "?"]
[Date "2016.09.01"]
[Round "6.2"]
[White "Neyman, Igor"]
[Black "Gabriel, Josef"]
[Result "0-1"]
[WhiteElo "2271"]
[BlackElo "2080"]
[PlyCount "102"]
[EventDate "2016.??.??"]
[WhiteTeam "Stuttgarter SF"]
[BlackTeam "Stuttgarter SF"]

1. d4 g6 2. c4 Bg7 3. e4 d6 4. Nc3 Nc6 5. Be3 e5 6. d5 Nce7 7. g4 f5 8. gxf5
gxf5 9. Qh5+ Kf8 10. Bh3 Nf6 11. Qf3 f4 12. Bd2 h5 13. Bxc8 Qxc8 14. O-O-O c6
15. Qe2 cxd5 16. cxd5 b5 17. Kb1 a6 18. Nf3 Bh6 19. Rc1 Qd7 20. Ne1 Qh3 21. f3
Rg8 22. Nd1 Qd7 23. Nf2 Rc8 24. Rxc8+ Qxc8 25. Ba5 Kf7 26. Ned3 Rg2 27. Qf1 Rg8
28. Nb4 Nd7 29. Nfd3 Nf6 30. a3 h4 31. Bb6 h3 32. Rg1 Bg7 33. Nf2 Rh8 34. Ng4
Nd7 35. Bf2 a5 36. Nd3 Qb7 37. Qe2 b4 38. a4 b3 39. Rc1 Rb8 40. Qd2 Qa6 41. Rc7
Nb6 42. Bh4 Re8 43. Ngxe5+ Bxe5 44. Nxe5+ dxe5 45. d6 Qf1+ 46. Be1 Qxf3 47.
dxe7 Qxe4+ 48. Kc1 Rxe7 49. Rxe7+ Kxe7 50. Kd1 Nc4 51. Qc3 Qb1+ 0-1

[Event "WEM MT 2016"]
[Site "?"]
[Date "2016.09.01"]
[Round "6.3"]
[White "Weigand, Bernhard"]
[Black "Schulze, Ulrich"]
[Result "1/2-1/2"]
[WhiteElo "2188"]
[BlackElo "2301"]
[PlyCount "31"]
[EventDate "2016.??.??"]
[WhiteTeam "SV Nürtingen"]
[BlackTeam "Heilbronner SV"]

1. e4 c6 2. d4 d5 3. e5 Bf5 4. c4 e6 5. Nc3 Ne7 6. Be3 dxc4 7. Bxc4 Nd7 8. Nge2
Nb6 9. Bb3 Ned5 10. O-O Be7 11. Ng3 Bg6 12. Qe2 h5 13. Nge4 Nxc3 14. Nxc3 h4
15. Rfd1 Bg5 16. Qd2 1/2-1/2

[Event "WEM MT 2016"]
[Site "?"]
[Date "2016.09.01"]
[Round "6.4"]
[White "Latzke, Boris"]
[Black "Kabisch, Thilo"]
[Result "1/2-1/2"]
[WhiteElo "2218"]
[BlackElo "2292"]
[PlyCount "117"]
[EventDate "2016.??.??"]
[WhiteTeam "SK Bebenhausen"]
[BlackTeam "SK Schmiden/Cannstatt"]

1. d4 Nf6 2. c4 e6 3. Nf3 c5 4. d5 exd5 5. cxd5 d6 6. Nc3 a6 7. a4 g6 8. h3 Bg7
9. e4 O-O 10. Bd3 Re8 11. O-O Qc7 12. Be3 Nbd7 13. Re1 Rb8 14. Nd2 h6 15. a5 g5
16. Nc4 Nh7 17. f4 b5 18. axb6 Nxb6 19. Nxb6 Rxb6 20. fxg5 hxg5 21. Bc1 Re5 22.
Na4 Rb8 23. Nc3 Nf8 24. Rf1 Ng6 25. Ra3 c4 26. Be2 Qc5+ 27. Kh1 Nf4 28. Ra4
Nxe2 29. Qxe2 Rb4 30. Be3 Rxb2 31. Bxc5 Rxe2 32. Nxe2 dxc5 33. Rxc4 a5 34. Rxc5
Ba6 35. d6 Rxc5 36. d7 Rc8 37. dxc8=Q+ Bxc8 38. Rc1 Be6 39. Rc5 a4 40. Nc3 a3
41. Rxg5 a2 42. Nxa2 Bxa2 43. Kh2 Kh7 44. Kg3 Bf6 45. Ra5 Be6 46. Kf4 Bc3 47.
Ra7 Kg6 48. Rb7 Kf6 49. Rb5 Bd2+ 50. Kf3 Bc3 51. g4 Be1 52. Rb1 Bh4 53. Kf4 Kg6
54. Rb5 Be1 55. Kf3 Bh4 56. Kf4 Be1 57. Rb2 Bh4 58. Rb5 Be1 59. Rb2 1/2-1/2

[Event "WEM MT 2016"]
[Site "?"]
[Date "2016.09.01"]
[Round "6.5"]
[White "Pogan, Nikolas"]
[Black "Tschlatscher, Thomas"]
[Result "1-0"]
[WhiteElo "2232"]
[BlackElo "2092"]
[PlyCount "77"]
[EventDate "2016.??.??"]
[WhiteTeam "Heilbronner SV"]
[BlackTeam "Heilbronner SV"]

1. d4 Nf6 2. Nf3 e6 3. c4 d5 4. g3 Be7 5. Bg2 O-O 6. O-O dxc4 7. Ne5 Nc6 8.
Nxc6 bxc6 9. Na3 Bxa3 10. bxa3 Nd5 11. Qa4 Nb6 12. Qxc6 Rb8 13. Qc5 Bb7 14. e4
Qd7 15. Rd1 f5 16. f3 fxe4 17. fxe4 e5 18. d5 Qd6 19. Be3 Qxc5 20. Bxc5 Rfe8
21. Rac1 Ba6 22. Bh3 Bc8 23. Bf1 Ba6 24. Rc2 Rb7 25. Bh3 Bb5 26. Be6+ Kh8 27.
Rb1 Na4 28. Bxa7 c3 29. Rb4 Ra8 30. Bd7 Raxa7 31. Bxb5 Nc5 32. a4 Nd3 33. Rc4
Nb2 34. R4xc3 Nxa4 35. Bxa4 Rxa4 36. Rxc7 Rxc7 37. Rxc7 Kg8 38. d6 Kf8 39. Rc8+
1-0

[Event "WEM MT 2016"]
[Site "?"]
[Date "2016.09.01"]
[Round "6.6"]
[White "Pflaum, Stefan"]
[Black "Gheng, Josef"]
[Result "0-1"]
[WhiteElo "2077"]
[BlackElo "2319"]
[PlyCount "41"]
[EventDate "2016.??.??"]
[WhiteTeam "SC Botnang"]
[BlackTeam "SC Erdmannhausen"]

1. d4 Nf6 2. c4 e6 3. Nc3 Bb4 4. Bg5 h6 5. Bh4 c5 6. d5 Nxd5 7. Bxd8 Nxc3 8.
Qb3 Ne4+ 9. Kd1 Nxf2+ 10. Kc2 Kxd8 11. Qf3 Nxh1 12. g4 Nc6 13. Qxh1 Ba5 14. Rd1
Bc7 15. Kb1 Ke7 16. Qe4 Ne5 17. h3 Rb8 18. Bg2 b5 19. Qe3 d6 20. cxb5 Rxb5 21.
Qg3 0-1

[Event "WEM MT 2016"]
[Site "?"]
[Date "2016.09.01"]
[Round "6.7"]
[White "Schmidt, Tobias"]
[Black "Namyslo, Holger"]
[Result "1-0"]
[WhiteElo "2174"]
[BlackElo "2278"]
[PlyCount "105"]
[EventDate "2016.??.??"]
[WhiteTeam "SC Erdmannhausen"]
[BlackTeam "TG Biberach"]

1. e4 c5 2. Nf3 d6 3. d4 cxd4 4. Nxd4 Nf6 5. f3 g6 6. c4 Bg7 7. Nc3 O-O 8. Be3
Nc6 9. Qd2 Bd7 10. O-O-O a6 11. Kb1 Qa5 12. Be2 Rfb8 13. b3 b5 14. Nd5 Qxd2 15.
Rxd2 Nxd4 16. Nxf6+ Bxf6 17. Bxd4 Bxd4 18. Rxd4 Ra7 19. Rc1 b4 20. c5 dxc5 21.
Rxc5 a5 22. Bd1 Kg7 23. Kb2 h5 24. Bc2 Rb6 25. Rdd5 a4 26. bxa4 Rba6 27. a5 Be6
28. Bd3 Rd6 29. Rxd6 exd6 30. Rb5 Bd7 31. Rxb4 Rxa5 32. Rd4 Be6 33. Bc4 Kf6 34.
Rxd6 Ke5 35. Rc6 Bxc4 36. Rxc4 Kf4 37. a4 h4 38. e5+ Kxe5 39. Rxh4 Rd5 40. Rc4
Rd2+ 41. Rc2 Rd4 42. Kb3 Kd5 43. a5 Rd3+ 44. Rc3 Rd2 45. a6 Rd1 46. Kb4 Ra1 47.
Ra3 Rb1+ 48. Rb3 Ra1 49. Kb5 Ra2 50. Kb6 Rxg2 51. a7 Ra2 52. Rb5+ Kc4 53. Ra5
1-0

[Event "WEM MT 2016"]
[Site "?"]
[Date "2016.09.01"]
[Round "6.8"]
[White "Mareck, Sascha"]
[Black "Grill, Bernd"]
[Result "1/2-1/2"]
[WhiteElo "2159"]
[BlackElo "2231"]
[PlyCount "24"]
[EventDate "2016.??.??"]
[WhiteTeam "SV Nürtingen"]
[BlackTeam "SV Ebersbach"]

1. d4 Nf6 2. Nf3 e6 3. c4 d5 4. g3 dxc4 5. Bg2 Nc6 6. Qa4 Bb4+ 7. Bd2 Nd5 8.
Qb5 Bxd2+ 9. Nbxd2 c3 10. bxc3 Nxc3 11. Qd3 Nd5 12. O-O O-O 1/2-1/2

[Event "WEM MT 2016"]
[Site "?"]
[Date "2016.09.01"]
[Round "6.9"]
[White "Engelhart, Achim"]
[Black "Fischer, Sebastian"]
[Result "1/2-1/2"]
[WhiteElo "2131"]
[BlackElo "2229"]
[PlyCount "46"]
[EventDate "2016.??.??"]
[WhiteTeam "SV Jedesheim"]
[BlackTeam "TSV Schönaich"]

1. e4 d5 2. exd5 Qxd5 3. Nc3 Qa5 4. Bc4 Nf6 5. d3 Bg4 6. f3 Bd7 7. Bd2 Qb6 8.
f4 Be6 9. Bxe6 Qxe6+ 10. Qe2 Qxe2+ 11. Kxe2 g6 12. Nf3 Bg7 13. Rae1 Nc6 14. Kd1
O-O-O 15. Rhf1 Rhf8 16. Re2 Nd5 17. Nxd5 Rxd5 18. Kc1 e6 19. Ree1 h5 20. Ng5 b6
21. Ne4 Rfd8 22. Bc3 Bxc3 23. Nxc3 Rf5 1/2-1/2

[Event "WEM MT 2016"]
[Site "?"]
[Date "2016.09.01"]
[Round "6.10"]
[White "Zuferi, Enis"]
[Black "Koch, Martin"]
[Result "1-0"]
[WhiteElo "2192"]
[BlackElo "2059"]
[PlyCount "55"]
[EventDate "2016.??.??"]
[WhiteTeam "Heilbronner SV"]
[BlackTeam "SC Botnang"]

1. d4 d5 2. c4 c6 3. cxd5 cxd5 4. Nc3 Nc6 5. e4 e6 6. Nf3 dxe4 7. Nxe4 Nf6 8.
Bd3 Be7 9. O-O O-O 10. Nc3 b6 11. a3 Bb7 12. Bf4 Qd7 13. Qd2 Rac8 14. Rad1 Rfd8
15. Rfe1 Qe8 16. Qe2 Nd5 17. Bc1 Bf6 18. Bb1 Nxc3 19. bxc3 Na5 20. Qd3 g6 21.
Ne5 Bd5 22. Ng4 Bg7 23. Bg5 Rd7 24. Nf6+ Bxf6 25. Bxf6 Nc4 26. Qh3 Nxa3 27. Re5
Rdc7 28. Qxh7+ 1-0

[Event "WEM MT 2016"]
[Site "?"]
[Date "2016.09.01"]
[Round "6.11"]
[White "Maisch, Julian"]
[Black "Wendler, Werner"]
[Result "0-1"]
[WhiteElo "2113"]
[BlackElo "2062"]
[PlyCount "40"]
[EventDate "2016.??.??"]
[WhiteTeam "SF Kornwestheim"]
[BlackTeam "SK Bebenhausen"]

1. e4 e6 2. d4 d5 3. Nd2 c5 4. exd5 exd5 5. Bb5+ Bd7 6. Qe2+ Be7 7. dxc5 Nf6 8.
Ngf3 O-O 9. O-O Re8 10. Bd3 Nc6 11. Qd1 Bxc5 12. Nb3 Bb6 13. Bg5 Bg4 14. h3 Bh5
15. g4 Bg6 16. c3 Qd6 17. Bxf6 Qg3+ 18. Kh1 Qxh3+ 19. Nh2 Bxd3 20. Bd4 Be2 0-1

[Event "WEM MT 2016"]
[Site "?"]
[Date "2016.09.01"]
[Round "6.12"]
[White "Amos, Frank"]
[Black "Reimche, Vadim"]
[Result "1-0"]
[WhiteElo "2075"]
[BlackElo "2053"]
[PlyCount "101"]
[EventDate "2016.??.??"]
[WhiteTeam "SK Lauffen"]
[BlackTeam "SF Ravensburg"]

1. e4 c5 2. Nc3 Nc6 3. g3 g6 4. Bg2 Bg7 5. f4 Nh6 6. Nf3 Rb8 7. a4 a6 8. d3 b5
9. axb5 axb5 10. h3 d6 11. g4 f5 12. exf5 gxf5 13. g5 Nf7 14. Nh4 Nd4 15. Nd5
e6 16. c3 exd5 17. cxd4 O-O 18. Bxd5 Qe7+ 19. Qe2 Re8 20. Qxe7 Rxe7+ 21. Kd1
Bxd4 22. Re1 Rxe1+ 23. Kxe1 c4 24. dxc4 (24. Nf3 Bc5 25. g6 hxg6 26. Ng5) 24...
bxc4 25. Bxc4 Bd7 26. Bd5 Rb5 27. Ra8+ Kg7 28. Ba2 Bc6 29. Rc8 Be4 30. Be6 Bb6
31. b3 Nd8 32. Bb2+ Kf8 33. Bd7 Ba5+ 34. Bc3 Bxc3+ 35. Rxc3 Ra5 36. Rc8 Ke7 37.
Rc7 Kf8 38. Bc8 Nf7 39. Be6 Nd8 40. Bd7 Nf7 41. Be6 Nd8 42. g6 Ra1+ 43. Kd2
Ra2+ 44. Kc1 Nxe6 45. gxh7 Nxc7 46. h8=Q+ Ke7 47. Qg7+ Kd8 48. Qf6+ Kd7 49.
Nxf5 Rc2+ 50. Kd1 d5 51. Qe7+ 1-0

[Event "WEM MT 2016"]
[Site "?"]
[Date "2016.09.01"]
[Round "6.14"]
[White "Behrendt, Clemens"]
[Black "Reck, Moritz"]
[Result "1-0"]
[WhiteElo "2129"]
[BlackElo "2151"]
[PlyCount "135"]
[EventDate "2016.??.??"]
[WhiteTeam "SC Böblingen"]
[BlackTeam "TSV Schönaich"]

1. Nf3 g6 2. g3 Bg7 3. d4 Nf6 4. Bg2 O-O 5. O-O d6 6. c4 Nc6 7. d5 Na5 8. Na3
c5 9. Re1 a6 10. Qd3 Bd7 11. Rb1 b5 12. b3 b4 13. Nc2 Ne4 14. Nh4 Nc3 15. Ra1
Nb7 16. e4 a5 17. a4 Ra7 18. f4 Qc7 19. Bd2 e6 20. Re3 exd5 21. exd5 Qc8 22.
Rae1 h6 23. Rf3 Bf6 24. Ne3 Re8 25. Nxg6 Ne4 26. Nh4 Nxd2 27. Qxd2 Bc3 28. Qf2
Bxe1 29. Qxe1 Bg4 30. Rf1 Nd8 31. Qd2 Rae7 32. Nxg4 Qxg4 33. Bf3 Qd7 34. f5 Re3
35. f6 Kh7 36. Qc2+ Kg8 37. Qd1 R8e5 38. Bg4 Qe8 39. Nf5 Re1 40. Qd2 Rxf1+ 41.
Kxf1 Rxf5+ 42. Bxf5 Qe5 43. Qxh6 Qxf5+ 44. Kg2 Qc2+ 45. Kf1 Qg6 46. Qf4 Nb7 47.
h4 Kf8 48. Qf3 Qb1+ 49. Kg2 Qc2+ 50. Kh3 Qc3 51. Qf5 Nd8 52. h5 Qc1 53. Qf3 Qg5
54. g4 Kg8 55. Kg3 Qe5+ 56. Kh4 Qe1+ 57. Kg5 Qc3 58. Qf4 Qxb3 59. Kh6 Qd3 60.
Qxd6 Qe3+ 61. g5 Qe8 62. Qe7 Qf8+ 63. Qxf8+ Kxf8 64. Kh7 b3 65. g6 b2 66. g7+
Ke8 67. g8=Q+ Kd7 68. Qg4+ 1-0

[Event "WEM MT 2016"]
[Site "?"]
[Date "2016.09.02"]
[Round "7.1"]
[White "Neyman, Igor"]
[Black "Hirneise, Jens"]
[Result "1/2-1/2"]
[WhiteElo "2271"]
[BlackElo "2271"]
[PlyCount "50"]
[EventDate "2016.??.??"]
[WhiteTeam "Stuttgarter SF"]
[BlackTeam "SF Deizisau"]

1. d4 Nf6 2. c4 g6 3. Nc3 Bg7 4. g3 d6 5. Bg2 O-O 6. Nf3 Nc6 7. O-O a6 8. d5
Na5 9. Nd2 c5 10. Rb1 Qc7 11. b3 Rb8 12. Bb2 b5 13. Qc2 e5 14. e4 h5 15. Ne2
Qd8 16. Bc3 Bd7 17. f4 Ng4 18. Qd3 b4 19. Bb2 Qe7 20. h3 Nh6 21. Rbe1 Nb7 22.
Nf3 Rbe8 23. fxe5 dxe5 24. Nh4 Qd6 25. Bc1 a5 1/2-1/2

[Event "WEM MT 2016"]
[Site "?"]
[Date "2016.09.02"]
[Round "7.2"]
[White "Gabriel, Robert"]
[Black "Gabriel, Josef"]
[Result "1/2-1/2"]
[WhiteElo "2170"]
[BlackElo "2080"]
[PlyCount "38"]
[EventDate "2016.??.??"]
[WhiteTeam "Stuttgarter SF"]
[BlackTeam "Stuttgarter SF"]

1. d4 g6 2. c4 Bg7 3. Nf3 c5 4. g3 cxd4 5. Nxd4 Nc6 6. Nc2 d6 7. Bg2 Nf6 8. O-O
h5 9. h4 Ng4 10. Nc3 Nge5 11. Ne3 O-O 12. Ncd5 Be6 13. Bd2 Ng4 14. Nxg4 Bxg4
15. Bc3 Bxc3 16. Nxc3 Ne5 17. Qd4 Rb8 18. b3 Qa5 19. Nd5 Rfe8 1/2-1/2

[Event "WEM MT 2016"]
[Site "?"]
[Date "2016.09.02"]
[Round "7.3"]
[White "Kabisch, Thilo"]
[Black "Pogan, Nikolas"]
[Result "0-1"]
[WhiteElo "2292"]
[BlackElo "2232"]
[PlyCount "82"]
[EventDate "2016.??.??"]
[WhiteTeam "SK Schmiden/Cannstatt"]
[BlackTeam "Heilbronner SV"]

1. e4 d6 2. d4 Nf6 3. Bd3 e5 4. d5 Be7 5. c4 O-O 6. Nc3 Nbd7 7. h3 h6 8. Be3
Nh7 9. g4 Bg5 10. Qf3 Bxe3 11. fxe3 c6 12. O-O-O a6 13. Nge2 Nc5 14. Bc2 Rb8
15. h4 g6 16. h5 Ng5 17. Qg2 Kg7 18. Qh2 Rh8 19. b4 Nd7 20. dxc6 bxc6 21. hxg6
Qb6 22. gxf7 Qxb4 23. Rdf1 Nxf7 24. Qh5 Qxc4 25. Nd5 Ng5 26. Rf5 cxd5 27. Rxg5+
Kf8 28. Ng3 Ke7 29. Qh4 hxg5 30. Qxg5+ Nf6 31. Qg7+ Ke6 32. Rxh8 Qc3 33. exd5+
Kxd5 34. Rh1 Qxe3+ 35. Kd1 Bxg4+ 36. Qxg4 Nxg4 37. Be4+ Qxe4 38. Nxe4 Kxe4 39.
Kc2 Ne3+ 40. Kc3 Nd5+ 41. Kc2 Nb4+ 0-1

[Event "WEM MT 2016"]
[Site "?"]
[Date "2016.09.02"]
[Round "7.4"]
[White "Gheng, Josef"]
[Black "Latzke, Boris"]
[Result "1-0"]
[WhiteElo "2319"]
[BlackElo "2218"]
[PlyCount "99"]
[EventDate "2016.??.??"]
[WhiteTeam "SC Erdmannhausen"]
[BlackTeam "SK Bebenhausen"]

1. c4 e5 2. Nc3 Nc6 3. g3 g6 4. Bg2 Bg7 5. a3 f5 6. d3 Nf6 7. b4 d6 8. e3 O-O
9. Nge2 Ne7 10. f4 exf4 11. exf4 c6 12. Be3 Re8 13. Qd2 Ng4 14. Bg1 Be6 15. h3
Nf6 16. Bf2 Qc7 17. O-O Rad8 18. Nd4 Bf7 19. Rab1 Nc8 20. Rfe1 Nb6 21. a4 Nbd7
22. a5 a6 23. Na4 d5 24. c5 Nh5 25. Nf3 Nf8 26. Nc3 Ne6 27. Ne2 Re7 28. Kh2
Rde8 29. d4 Nf6 30. Ne5 Nf8 31. Nc1 Rd8 32. Ncd3 Be6 33. Rg1 Ne4 34. Qe3 Nd7
35. Be1 Ndf6 36. Bf3 Bc8 37. Rb2 Rde8 38. Rbg2 Rf8 39. g4 Ree8 40. Bh4 fxg4 41.
hxg4 Nc3 42. Nf2 Nb5 43. Bg3 Qe7 44. Bd1 Qd8 45. Rh1 Nd7 46. Kg1 Nxe5 47. fxe5
Rf7 48. Rgh2 Bf6 49. Qd3 Bg5 50. Qxg6+ 1-0

[Event "WEM MT 2016"]
[Site "?"]
[Date "2016.09.02"]
[Round "7.5"]
[White "Schulze, Ulrich"]
[Black "Schmidt, Tobias"]
[Result "1/2-1/2"]
[WhiteElo "2301"]
[BlackElo "2174"]
[PlyCount "36"]
[EventDate "2016.??.??"]
[WhiteTeam "Heilbronner SV"]
[BlackTeam "SC Erdmannhausen"]

1. Nf3 d5 2. g3 Nf6 3. Bg2 e6 4. O-O Be7 5. d4 b5 6. b3 Bb7 7. c4 bxc4 8. bxc4
dxc4 9. Qa4+ Nfd7 10. Qxc4 c5 11. Ba3 Nb6 12. Qb5+ Bc6 13. Qd3 cxd4 14. Rd1 O-O
15. Qxd4 N8d7 16. Bxe7 Qxe7 17. Nc3 Rac8 18. Rac1 Rfd8 1/2-1/2

[Event "WEM MT 2016"]
[Site "?"]
[Date "2016.09.02"]
[Round "7.6"]
[White "Grill, Bernd"]
[Black "Weigand, Bernhard"]
[Result "1/2-1/2"]
[WhiteElo "2231"]
[BlackElo "2188"]
[PlyCount "27"]
[EventDate "2016.??.??"]
[WhiteTeam "SV Ebersbach"]
[BlackTeam "SV Nürtingen"]

1. e4 g6 2. d4 Bg7 3. Nc3 c6 4. f4 d6 5. Nf3 Bg4 6. Be3 Qb6 7. Qd2 Bxf3 8. gxf3
e6 9. O-O-O Qa5 10. d5 exd5 11. exd5 Bxc3 12. bxc3 Ne7 13. Bd4 O-O 14. c4
1/2-1/2

[Event "WEM MT 2016"]
[Site "?"]
[Date "2016.09.02"]
[Round "7.7"]
[White "Tschlatscher, Thomas"]
[Black "Zuferi, Enis"]
[Result "0-1"]
[WhiteElo "2092"]
[BlackElo "2192"]
[PlyCount "84"]
[EventDate "2016.??.??"]
[WhiteTeam "Heilbronner SV"]
[BlackTeam "Heilbronner SV"]

1. b3 e5 2. Bb2 Nc6 3. c4 Nf6 4. e3 d5 5. Nf3 d4 6. exd4 exd4 7. d3 Bb4+ 8.
Nbd2 a5 9. a3 Be7 10. Be2 O-O 11. O-O h6 12. b4 axb4 13. axb4 Rxa1 14. Qxa1
Bxb4 15. Rb1 Re8 16. Bf1 Bg4 17. Qa4 Bc3 18. Qa1 Bxb2 19. Qxb2 b6 20. Rc1 Qd6
21. Qb5 Ra8 22. h3 Bxf3 23. Nxf3 Ra5 24. Qb2 Qa3 25. Qd2 Qd6 26. Qb2 Nd7 27.
Re1 Nde5 28. Nxe5 Rxe5 29. Ra1 Qb4 30. Qxb4 Nxb4 31. Ra8+ Kh7 32. Rd8 c5 33.
Rd6 Re1 34. Rxb6 Nxd3 35. f3 Nf4 36. Kf2 Ra1 37. g3 Ra2+ 38. Ke1 Ra1+ 39. Kf2
Ra2+ 40. Ke1 Ng2+ 41. Bxg2 Rxg2 42. g4 Rc2 0-1

[Event "WEM MT 2016"]
[Site "?"]
[Date "2016.09.02"]
[Round "7.8"]
[White "Fischer, Sebastian"]
[Black "Amos, Frank"]
[Result "1/2-1/2"]
[WhiteElo "2229"]
[BlackElo "2075"]
[PlyCount "142"]
[EventDate "2016.??.??"]
[WhiteTeam "TSV Schönaich"]
[BlackTeam "SK Lauffen"]

1. d4 g6 2. e4 Bg7 3. Nf3 d6 4. c3 Nc6 5. Bb5 a6 6. Bxc6+ bxc6 7. O-O Nf6 8.
Re1 O-O 9. Bg5 h6 10. Bh4 g5 11. Bg3 Bg4 12. h3 Bd7 13. Nbd2 Qb8 14. Rb1 g4 15.
hxg4 Bxg4 16. Qc2 Nh5 17. Bh4 Re8 18. Nh2 Be6 19. Qd1 Nf4 20. Bg3 Ng6 21. b3
Qb5 22. Ndf1 d5 23. exd5 cxd5 24. Ne3 c5 25. Nf3 Rac8 26. c4 Qb7 27. cxd5 Bxd5
28. Nxd5 Qxd5 29. dxc5 Qxc5 30. Nh4 Nxh4 31. Bxh4 Qb4 32. Bg3 e5 33. Qd7 Rcd8
34. Qf5 Rd2 35. Re4 Qd6 36. Ra4 Qe6 37. Qxe6 Rxe6 38. Re1 Rd4 39. Rxd4 exd4 40.
Rxe6 fxe6 41. Kf1 Kf7 42. Ke2 Kf6 43. Kd3 Kf5 44. f3 e5 45. Be1 h5 46. g3 Bh6
47. a4 Bf8 48. b4 Bd6 49. b5 axb5 50. axb5 Bc7 51. Bd2 Ke6 52. Ke4 Bb6 53. Be1
Kd6 54. Bb4+ Ke6 55. Be1 Kd6 56. Bf2 d3 57. Be1 Bf2 58. Bb4+ Kc7 59. Kxe5 Bxg3+
60. Kf5 Kb6 61. Kg5 Kxb5 62. Bd2 h4 63. Kg4 Kc4 64. f4 Kd5 65. f5 Kd6 66. Bb4+
Kd7 67. Bd2 Ke7 68. Bc3 Kf7 69. Bd2 Bf2 70. Kh3 Kf6 71. Kg4 Bg3 1/2-1/2

[Event "WEM MT 2016"]
[Site "?"]
[Date "2016.09.02"]
[Round "7.9"]
[White "Wendler, Werner"]
[Black "Mareck, Sascha"]
[Result "0-1"]
[WhiteElo "2062"]
[BlackElo "2159"]
[PlyCount "116"]
[EventDate "2016.??.??"]
[WhiteTeam "SK Bebenhausen"]
[BlackTeam "SV Nürtingen"]

1. d4 Nf6 2. g3 g6 3. Bg2 Bg7 4. e4 d6 5. Ne2 O-O 6. Nbc3 Nbd7 7. h3 e5 8. Be3
exd4 9. Bxd4 Re8 10. O-O c5 11. Be3 Ne5 12. b3 Qa5 13. f4 Nc6 14. Bd2 Qb6 15.
Rb1 Bd7 16. Be3 Bf5 17. e5 dxe5 18. Na4 Qc7 19. Bxc5 Rad8 20. Qc1 Nd4 21. Nxd4
exd4 22. Bxa7 Qxc2 23. Rb2 Qd3 24. Rf3 Qa6 25. Bb6 Rc8 26. Qd1 Ne4 27. Bf1 Qa8
28. g4 Nc3 29. Qd2 Nxa4 30. bxa4 Be4 31. Rfb3 d3 32. Bxd3 Bxb2 33. Bxe4 Rxe4
34. Rxb2 Qxa4 35. Bf2 Qc6 36. Kh2 Rce8 37. f5 Re2 38. Qxe2 Rxe2 39. Rxe2 gxf5
40. Bg3 fxg4 41. hxg4 Qc4 42. Rg2 Kg7 43. Kh3 Kg6 44. Rf2 Qe4 45. Bh4 Qe6 46.
Kg3 Qe5+ 47. Kh3 h5 48. gxh5+ Kxh5 49. Bg3 Qe6+ 50. Kh2 f5 51. Kg2 Qe4+ 52. Kg1
Kg4 53. Bb8 Qe3 54. Kg2 b5 55. Bh2 Qe4+ 56. Kg1 Kh3 57. Bb8 Qg4+ 58. Kf1 Qd1#
0-1